Annual Review of Astronomy and Astrophysics, Vol. 37 (Record no. 13410)

MARC details
000 -LEADER
fixed length control field 00667nam a2200205Ia 4500
003 - CONTROL NUMBER IDENTIFIER
control field IN-BaIIA
008 - FIXED-LENGTH DATA ELEMENTS--GENERAL INFORMATION
fixed length control field 211028s9999 xx 000 0 eng d
020 ## - INTERNATIONAL STANDARD BOOK NUMBER
International Standard Book Number 0-8243-0937-5
040 ## - CATALOGING SOURCE
Transcribing agency IIA Library
080 ## - UNIVERSAL DECIMAL CLASSIFICATION NUMBER
Universal Decimal Classification number 047.1:52
Item number ARA-37
245 #0 - TITLE STATEMENT
Title Annual Review of Astronomy and Astrophysics, Vol. 37
Statement of responsibility, etc. edited by G. Burbidge, A. Sandage and F. H. Shu
260 ## - PUBLICATION, DISTRIBUTION, ETC.
Place of publication, distribution, etc. California
Name of publisher, distributor, etc. Annual Reviews
Date of publication, distribution, etc. 1999
300 ## - PHYSICAL DESCRIPTION
Extent vii, 689p.
650 ## - SUBJECT ADDED ENTRY--TOPICAL TERM
Topical term or geographic name entry element astronomy
9 (RLIN) 80
650 ## - SUBJECT ADDED ENTRY--TOPICAL TERM
Topical term or geographic name entry element astrophysics
9 (RLIN) 794
700 ## - ADDED ENTRY--PERSONAL NAME
Personal name Burbidge, G., ed.
9 (RLIN) 14854
700 ## - ADDED ENTRY--PERSONAL NAME
Personal name Sandage, A., ed.
9 (RLIN) 17045
700 ## - ADDED ENTRY--PERSONAL NAME
Personal name Shu, F. H., ed.
9 (RLIN) 23508
942 ## - ADDED ENTRY ELEMENTS (KOHA)
Koha item type Books
Holdings
Withdrawn status Lost status Damaged status Not for loan Home library Current library Shelving location Date acquired Total Checkouts Full call number Barcode Date last seen Price effective from Koha item type
        IIA Library-Bangalore IIA Library-Kavalur General Stacks     047.1:52/ARA-37 14329 05/11/2021   Books

Powered by Koha